01451nam a2200241 45000010005000000100018000050210013000230900009000361000041000452000042000862100055001282150015001833300750001986060036009486060019009846750019010036750033010227000024010558010018010798300029010979900011011269950072011376154 a9783896009760 b24/11976 a6154 a20260512d2012 u||y0pory50 ba aAtlas infantil: O MUNDOfMichael Hahn aColónia, AlemanhacSchwager & Steinleind[2012?] a43 p.cil. aUma viagem à volta do Mundo - quem é que ainda não sonhou com uma aventura destas? Este livro permite que o sonho se torne realidade para os leitores mais pequenos. Viajando por 15 mapas coloridos, poderão visitar os locais mais fascinantes do Mundo e aprender muito sobre cada continente. Cada mapa contém ilustrações pormenorizadas, apresentando às crianças os principais monumentos, os símbolos típicos das cidades ou paisagens, bem como as particularidades geográficas dos respetivos países e regiões. O livro inclui igualmente textos introdutórios com muitas informações fascinantes, para além de apresentar às crianças as bandeiras de cada país representado e diversas personalidades históricas. 9804aPublicação para jovens 9820aGeografia a087.5vBNzpor a912(084.4)(0.053.5)vBNzpor 95820aHahnbMichael aPTbBMVNgRPC cInês Silvad12/05/2026 cLIVROS 002052026-05-1296768bBMVNf100000014974kPL HAH/ATLo0rLIVROSs